The Skillful Huntsman : Visual Development of Grimm Tale at Art Center College of Design (Record no. 6047)

000 -LEADER
fixed length control field 00517nam a22001937a 4500
003 - CONTROL NUMBER IDENTIFIER
control field OSt
005 - DATE AND TIME OF LATEST TRANSACTION
control field 20190528152900.0
008 - FIXED-LENGTH DATA ELEMENTS--GENERAL INFORMATION
fixed length control field 190528b ||||| |||| 00| 0 eng d
020 ## - INTERNATIONAL STANDARD BOOK NUMBER
International Standard Book Number 9780972662647
040 ## - CATALOGING SOURCE
Transcribing agency clc
082 ## - DEWEY DECIMAL CLASSIFICATION NUMBER
Classification number 791.43
Item number LEK/S
100 ## - MAIN ENTRY--PERSONAL NAME
Personal name Le, Khang
245 ## - TITLE STATEMENT
Title The Skillful Huntsman : Visual Development of Grimm Tale at Art Center College of Design
250 ## - EDITION STATEMENT
Edition statement 1st Edition
260 ## - PUBLICATION, DISTRIBUTION, ETC.
Place of publication, distribution, etc. New York
Name of publisher, distributor, etc. Design Studio Press
Date of publication, distribution, etc. 2005
300 ## - PHYSICAL DESCRIPTION
Extent 159p.
700 ## - ADDED ENTRY--PERSONAL NAME
Personal name Yamada, Mike
942 ## - ADDED ENTRY ELEMENTS (KOHA)
Source of classification or shelving scheme
Koha item type Book
Holdings
Withdrawn status Lost status Source of classification or shelving scheme Damaged status Not for loan Collection code Permanent Location Current Location Date acquired Cost, normal purchase price Total Checkouts Full call number Barcode Date last seen Date last checked out Price effective from Koha item type
          School of Animation (Noida) MUIT-NOIDA MUIT-NOIDA 2019-05-28 2156.00 4 791.43 LEK/S ANM00378 2024-12-04 2024-11-20 2019-05-28 Book

All Rights Reserved@MUIT

Powered by Koha